Tipos psicológicos

Saved in:
Bibliografiske detaljer
Hovedforfatter: Jung, Carl Gustav (autor)
Format: Bog
Sprog:spansk
Udgivet: Buenos Aires Sudamericana 1965
Serier:Colección piragua. Difusión científica
Fag:
Tags: Tilføj Tag
Ingen Tags, Vær først til at tagge denne postø!

MARC

LEADER 00000nam a2200000 a 4500
001 UCY6316
003 CL-VaPUC
008 950526e19650000AG |||||||||||||||||spa|d
082 0 4 |a 155.264  |b JUN  |2 21 
100 |a Jung, Carl Gustav  |e autor  |9 311444 
245 1 0 |a Tipos psicológicos 
300 |a 306 p 
942 |c BK 
945 |d 19950526 00:00:00  |a mfernand 
260 |a Buenos Aires  |b Sudamericana  |c 1965 
650 7 |a TIPOS PSICOLOGICOS  |2 CL-VaPUC  |9 311445 
650 0 |a Psicología   |9 257863 
650 0 |a Psiquiatría  |9 308427 
650 0 |a Psicología profunda   |9 334257 
650 7 |a CARACTERISTICAS PSICOLOGICAS  |2 CL-VaPUC  |9 336177 
650 0 |a Identidad   |9 336178 
650 0 |a Comportamiento   |9 308406 
583 |a last modification  |c 19950526 00:00:00  |k Rodrigo Vera 
490 0 |a Colección piragua. Difusión científica 
999 |c 233891  |d 233889 
952 |0 0  |1 0  |4 0  |6 155_264000000000000_JUN_1965  |7 0  |8 A  |9 239699  |a BIBEDU  |b BIBEDU  |d 2019-11-18  |h v.1  |i 1510096  |o 155.264 JUN 1965  |p 1510096  |r 2019-11-18  |w 2019-11-18  |y BK  |k EDU 
952 |0 0  |1 0  |4 0  |6 155_264000000000000_JUN_1965  |7 0  |8 A  |9 239700  |a BIBEDU  |b BIBEDU  |d 2019-11-18  |h v.2  |i 1508512  |o 155.264 JUN 1965  |p 1508512  |r 2019-11-18  |w 2019-11-18  |y BK  |k EDU